Laurent Aubert La Musique de l’autre: les nouveaux défis de l’ethnomusicologie. Genève-Paris, Georg, 2001, 160 p., bibl. (notice n° 1645967)
[ vue normale ]
| 000 -LEADER | |
|---|---|
| fixed length control field | 00539cam a2200145 4500500 |
| 005 - DATE AND TIME OF LATEST TRANSACTION | |
| control field | 20260208002341.0 |
| 041 ## - LANGUAGE CODE | |
| Language code of text/sound track or separate title | fre |
| 042 ## - AUTHENTICATION CODE | |
| Authentication code | dc |
| 100 10 - MAIN ENTRY--PERSONAL NAME | |
| Personal name | Lortat-Jacob, Bernard |
| Relator term | author |
| 245 00 - TITLE STATEMENT | |
| Title | Laurent Aubert La Musique de l’autre: les nouveaux défis de l’ethnomusicologie. Genève-Paris, Georg, 2001, 160 p., bibl. |
| 260 ## - PUBLICATION, DISTRIBUTION, ETC. | |
| Date of publication, distribution, etc. | 2005.<br/> |
| 500 ## - GENERAL NOTE | |
| General note | 87 |
| 786 0# - DATA SOURCE ENTRY | |
| Note | L'Homme | 174 | 2 | 2005-06-01 | p. 277u-329u | 0439-4216 |
| 856 41 - ELECTRONIC LOCATION AND ACCESS | |
| Uniform Resource Identifier | <a href="https://shs.cairn.info/revue-l-homme-2005-2-page-277u?lang=fr&redirect-ssocas=7080">https://shs.cairn.info/revue-l-homme-2005-2-page-277u?lang=fr&redirect-ssocas=7080</a> |
Pas d'exemplaire disponible.




Réseaux sociaux